|
|
|
|
| LEADER |
00000nab a2200000 a 4500 |
| 001 |
vtls000898936 |
| 003 |
SK-MaSNL |
| 005 |
20260304233132.0 |
| 008 |
040720e19981106xo 0 slo |
| 035 |
|
|
|a KE7942
|
| 040 |
|
|
|a KEVKJB
|b slo
|c KEVKJB
|e AACR2
|
| 041 |
0 |
|
|a slo
|
| 044 |
|
|
|a xo
|c SK
|
| 080 |
|
|
|a 258
|2 1981
|
| 080 |
|
|
|a 362
|2 1981
|
| 100 |
1 |
|
|a Wronská, Kornélia
|4 aut
|9 885318
|
| 245 |
1 |
0 |
|a ...prečo potrebujeme rodinné centrum?
|
| 610 |
2 |
7 |
|a Charitatívno-sociálne centrum, Košice
|2 KEVKJB
|9 1020840
|
| 610 |
2 |
7 |
|a Rodinné centrum (projekt)
|2 KEVKJB
|9 1568399
|
| 650 |
0 |
7 |
|a charitatívna činnosť
|2 KEVKJB
|9 67695
|
| 650 |
0 |
7 |
|a zariadenia verejnoprospešné
|2 KEVKJB
|9 1568400
|
| 650 |
0 |
7 |
|a rozhovory
|2 KEVKJB
|9 453585
|
| 651 |
|
7 |
|a Košice (Slovensko)
|2 KEVKJB
|9 18694
|
| 651 |
|
7 |
|a KE,
|2 KEVKJB
|9 877256
|
| 655 |
|
7 |
|a periodikum
|2 snkbucl
|9 29553
|
| 700 |
1 |
0 |
|a Jelínek, Ján
|4 aut
|9 392212
|
| 710 |
2 |
|
|a Charitatívno-sociálne centrum, Košice
|4 aut
|9 1020840
|
| 710 |
2 |
|
|a Rodinné centrum (projekt)
|4 aut
|9 1568399
|
| 773 |
0 |
8 |
|t Košický večer
|g Roč. 9
|g Roč. 30, 6.11.1998
|
| 773 |
0 |
8 |
|i Príl.:
|t Magazín. - Roč. 3, č. 44 (1998), s.5. Obr. 1.
|
| 852 |
|
|
|a ZVYKNI
|b KIS3GCP
|
| 999 |
|
|
|c 3197413
|d 3199343
|